| 000 | 00423nam a2200145Ia 4500 | ||
|---|---|---|---|
| 008 | 230917s9999||||xx |||||||||||||| ||und|| | ||
| 040 |
_e63160 _aMAIN |
||
| 041 | _aEnglish | ||
| 082 | _a382.1 C811I | ||
| 100 | _aCorden, W M | ||
| 245 | 0 | _aInflation, exchange rates, and the world economy: lectures on international monetory economics | |
| 260 |
_aOxford _bClarendon Press _c1977 |
||
| 300 | _aviii, 160 p. | ||
| 942 | _cBK | ||
| 999 |
_c180494 _d180494 |
||